Webmaster v kostce : Pohotová referenční příručka

Salvato in:
Dettagli Bibliografici
Autori principali: Spainhour, Stephen (Autore), Eckstein, Robert (Autore)
Natura: Libro
Lingua:ceco
Pubblicazione: Praha : Computer Press, 1999
Edizione:1. vyd
Soggetti:
Tags: Aggiungi Tag
Nessun Tag, puoi essere il primo ad aggiungerne!!

MARC

LEADER 00000nam a22000003a 4500
001 stu75715
005 20150617225644.6
008 020516s1999----xr------------------cze-d
020 |a 80-7226-450-8 
040 |a STU  |b slo 
041 0 |a cze 
044 |a xr 
080 |a 004.438Webmaster 
100 1 |a Spainhour, Stephen  |4 aut 
245 1 |a Webmaster v kostce :  |b Pohotová referenční příručka 
250 |a 1. vyd 
260 |a Praha :  |b Computer Press,  |c 1999 
300 |a 504 s 
650 7 |a servery webové  |2 stusub 
650 7 |a objektovo orientované jazyky  |2 stusub 
700 1 |a Eckstein, Robert  |4 aut 
996 |b 284J008084  |c J*99007  |l JJST  |s P  |a 0  |w stu75715_0001 
996 |b 284M057783  |c M*11182-1  |l MMKN  |s A  |a 24  |w stu75715_0002